Datum a čas kvízu
30
Celkem bodů
Celkový počet nahraných bodů na tomto kvízu bez doplňovacích otázek.
2.
Pořadí na kvízu
Konečné umístění týmu na tomto kvízu.
Zaznamenané odpovědi
| # | Otázka | Odpověď | Body | Výsledky |
|---|---|---|---|---|
| 1. | Minulý týden navštívil Českou... | 0 | ||
| 2. | Minulý týden bylo oznámeno zah... | 0 | ||
| 3. | Jediným Čechem, který vystoupí... | 0 | ||
| 4. | Aktuální vydání gastronomickéh... | 1 | ||
| 5. | Argentinský útočník Carlos Tév... | 1 | ||
| 6. | Zaměříme se na nová slova v če... | 0 | ||
| 7. | Jeden z našich nejdůraznějších... | 1 | ||
| 8. | Mezi několik málo slov, která... | 1 | ||
| 9. | Jak se nazývá termín, který by... | 1 | ||
| 10. | Tvorba neologismů není jen zál... | 1 |